| 000 | 00360nam a22001457a 4500 | ||
|---|---|---|---|
| 003 | ASAB | ||
| 005 | 20180827062635.0 | ||
| 008 | 131129t xxu||||| |||| 00| 0 eng d | ||
| 020 | _a978-93-83101-67-2 | ||
| 040 |
_aAsab _cAsab |
||
| 100 |
_aRicha Manpal _9341 |
||
| 245 |
_aPharmaceutical Biotechnology _cby Richa Manpal |
||
| 300 | _a280 P. | ||
| 942 |
_2ddc _cBK |
||
| 999 |
_c480105 _d480105 |
||